Statistics for Countries with Venezuelan Embassies

Click here to take the quiz!

General Stats

  • This quiz has been taken 21 times
  • The average score is 88 of 93

Answer Stats

ContinentCountry% Correct
AfricaAngola
100%
South AmericaArgentina
100%
OceaniaAustralia
100%
EuropeAustria
100%
EuropeBelarus
100%
North AmericaBelize
100%
South AmericaBolivia
100%
South AmericaBrazil
100%
North AmericaCanada
100%
South AmericaChile
100%
AsiaChina
100%
South AmericaColombia
100%
North AmericaCosta Rica
100%
North AmericaDominica
100%
South AmericaEcuador
100%
AfricaEgypt
100%
EuropeGermany
100%
North AmericaGuatemala
100%
South AmericaGuyana
100%
North AmericaHaiti
100%
North AmericaHonduras
100%
EuropeHungary
100%
AsiaIndia
100%
AsiaIndonesia
100%
AsiaIran
100%
AsiaIraq
100%
EuropeItaly
100%
North AmericaJamaica
100%
AsiaJapan
100%
AsiaJordan
100%
North AmericaMexico
100%
North AmericaNicaragua
100%
North AmericaPanama
100%
South AmericaPeru
100%
EuropeRomania
100%
Asia/ EuropeRussia
100%
AfricaSouth Africa
100%
EuropeSpain
100%
South AmericaSuriname
100%
EuropeSwitzerland
100%
AsiaUnited Arab Emirates
100%
EuropeUnited Kingdom
100%
North AmericaUnited States of America
100%
AfricaAlgeria
94%
North AmericaAntigua and Barbuda
94%
North AmericaBarbados
94%
EuropeBelgium
94%
EuropeBulgaria
94%
North AmericaCuba
94%
North AmericaDominican Republic
94%
North AmericaEl Salvador
94%
AfricaEthiopia
94%
EuropeFrance
94%
EuropeGreece
94%
North AmericaGrenada
94%
AsiaKazakhstan
94%
AsiaMalaysia
94%
AfricaMorocco
94%
AfricaMozambique
94%
AfricaNigeria
94%
EuropeNorway
94%
South AmericaParaguay
94%
EuropePoland
94%
AsiaQatar
94%
AfricaRepublic of the Congo
94%
AsiaSaudi Arabia
94%
AsiaSouth Korea
94%
North AmericaTrinidad and Tobago
94%
AfricaTunisia
94%
Asia/ EuropeTurkey
94%
South AmericaUruguay
94%
AsiaVietnam
94%
AfricaBenin
89%
AfricaEquatorial Guinea
89%
AfricaKenya
89%
EuropePortugal
89%
North AmericaSaint Kitts and Nevis
89%
North AmericaSaint Lucia
89%
North AmericaSaint Vincent and the Grenadines
89%
AfricaSenegal
89%
AfricaSudan
89%
Europethe Netherlands
89%
Asiathe Philippines
89%
EuropeVatican City
89%
AsiaAzerbaijan
83%
AsiaKuwait
83%
AsiaNorth Korea
83%
AsiaSyria
83%
AsiaLebanon
78%
AfricaMali
78%
EuropeSerbia
78%
AsiaSingapore
78%
AfricaNamibia
67%

Score Distribution

Percentile by Number Answered

Percent of People with Each Score

Your Score History

You have not taken this quiz